Estudio teórico del protocolo IPV6 y recomendaciones para su futura implementación en la plataforma IPv4 actual de RACSA
Gorde:
| Egile nagusia: | |
|---|---|
| Beste egile batzuk: | |
| Formatua: | Liburua |
| Argitaratua: |
[San José, Costa Rica]
2004
|
| Gaiak: | |
| Etiketak: |
Etiketa erantsi
Etiketarik gabe, Izan zaitez lehena erregistro honi etiketa jartzen!
|
MARC
| LEADER | 00000nam a2200000Ia 4500 | ||
|---|---|---|---|
| 003 | 009432 | ||
| 005 | 20221231144134.0 | ||
| 008 | 140114s2004 cr a m 000 ||s d | ||
| 040 | |c cru CEDI | ||
| 090 | |a TFG 4975 | ||
| 100 | |a Solano López, Luis Carlos |9 5677 | ||
| 245 | |a Estudio teórico del protocolo IPV6 y recomendaciones para su futura implementación en la plataforma IPv4 actual de RACSA | ||
| 260 | |c 2004 |a [San José, Costa Rica] | ||
| 300 | |a xi, 117 hojas : ilustraciones a color | ||
| 500 | |a Tesis (licenciatura en ingeniería eléctrica)--Universidad de Costa Rica. Facultad de Ingeniería. Escuela de Ingeniería Eléctrica | ||
| 650 | |x TCP/IP (PROTOCOLO DE REDES DE COMPUTADORAS) |x REDES DE COMPUTADORAS |x PROTOCOLOS DE REDES DE COMPUTADORAS |9 6247 | ||
| 700 | |9 6246 |a Zúñiga Arroyo, Claudio Antonio | ||
| 942 | |c TFG | ||
| 999 | |c 17448 |d 17448 | ||
